000 007370000a22002530004500
999 _c31695
_d31695
001 158
003 CO-MdFUSB
005 20170719092813.0
008 160531t19351979-ge f |||| 00| 0 g d
020 _a3-43805121-4
040 _aCO-MdFUSB
_bEspañol
_cCO-MdFUSB
_dCO-MdFUSB
_erda
041 0 _aeng
082 0 4 _aG 221.48 R1474t
245 1 0 _aSeptuaginta
_b : Id est Vetus Testamentum greace iuxta LXX interpretes
_c / Alfred Rahlfs, Editor
250 _a21
264 4 _aStuttgart, Germany:
_bDeutsche Bibelgesellschaft Stuttgart,
_c©1935-1979
300 _a941 Pag.
336 _2rdacontent
_a1
_ba1
337 _2rdamedia
_a2
_b5
338 _2rdacarrier
_a2
_b5
505 _aSeptuaginta
653 _aSeptuaginta
942 _cBK